|
|
|
|
| LEADER |
01042nam a2200205 i 4500 |
| 003 |
GR-PaULI |
| 005 |
20210117210931.0 |
| 008 |
190208s2019 cy a 001 0 gre d |
| 952 |
|
|
|0 0
|1 0
|2 ddc
|4 0
|6 740_000000000000000_ΑΘΑ
|7 0
|9 233662
|a LISP
|b LISP
|c BSC
|d 2019-07-08
|i 141170
|l 0
|o 740 ΑΘΑ
|p 025000263876
|r 2019-07-08 00:00:00
|t 1
|v 2019.00
|w 2019-07-08
|y BK15
|
| 999 |
|
|
|c 141782
|d 141782
|
| 020 |
|
|
|a 9789925753604
|
| 040 |
|
|
|a GR-PaULI
|b gre
|c GR-PaULI
|e AARC2
|
| 082 |
0 |
4 |
|2 23
|a 740
|
| 100 |
1 |
|
|9 176965
|a Αθανασιάδη, Αγγελική
|e συγγραφέας.
|
| 245 |
1 |
0 |
|a Graphic stories :
|b γραφιστορίες λεύκωμα /
|c [συγγραφή, σχεδιασμός, καλλιτεχνική επιμέλεια Αγγελική Αθανασιάδη ; επιμέλεια έκδοσης Μιλτιάδης Καρράς].
|
| 260 |
|
|
|a Λευκωσία :
|b Αγγελική Αθανασιάδη,
|c 2019.
|
| 300 |
|
|
|a 253 σ. ;
|c 24 εκ.
|
| 650 |
|
4 |
|9 8123
|a Γραφικές τέχνες
|
| 942 |
|
|
|2 ddc
|c BK15
|
| 998 |
|
|
|d ΜΠΟΥΡΑΣ
|b 2019-05
|